MyGZULibrary

Advanced accounting / (Record no. 7502)

MARC details
000 -LEADER
fixed length control field 01154cam a22003254a 4500
001 - CONTROL NUMBER
control field 13169992
003 - CONTROL NUMBER IDENTIFIER
control field GZU
005 - DATE AND TIME OF LATEST TRANSACTION
control field 20210511092038.0
008 - FIXED-LENGTH DATA ELEMENTS--GENERAL INFORMATION
fixed length control field 030421s2004 maua b 001 0 eng
010 ## - LIBRARY OF CONGRESS CONTROL NUMBER
LC control number 2003051307
020 ## - INTERNATIONAL STANDARD BOOK NUMBER
International Standard Book Number 0072523514 (alk. paper)
020 ## - INTERNATIONAL STANDARD BOOK NUMBER
International Standard Book Number 0071214755 (international : alk. paper)
040 ## - CATALOGING SOURCE
Original cataloging agency DLC
Transcribing agency DLC
Modifying agency DLC
042 ## - AUTHENTICATION CODE
Authentication code pcc
050 00 - LIBRARY OF CONGRESS CALL NUMBER
Classification number HF5635
Item number .H863 2004
082 00 - DEWEY DECIMAL CLASSIFICATION NUMBER
Classification number 657/.046
Edition number 21
100 1# - MAIN ENTRY--PERSONAL NAME
Personal name Hoyle, Joe Ben.
245 10 - TITLE STATEMENT
Title Advanced accounting /
Statement of responsibility, etc. Joe B. Hoyle, Thomas F. Schaefer, Timothy S. Doupnik.
250 ## - EDITION STATEMENT
Edition statement 7th ed.
260 ## - PUBLICATION, DISTRIBUTION, ETC.
Place of publication, distribution, etc. Boston, Mass. :
Name of publisher, distributor, etc. McGraw-Hill/Irwin,
Date of publication, distribution, etc. c2004.
300 ## - PHYSICAL DESCRIPTION
Extent xxii, 901 p. :
Other physical details ill. ;
Dimensions 29 cm.
504 ## - BIBLIOGRAPHY, ETC. NOTE
Bibliography, etc. note Includes bibliographical references and index.
650 #0 - SUBJECT ADDED ENTRY--TOPICAL TERM
Topical term or geographic name entry element Accounting.
700 1# - ADDED ENTRY--PERSONAL NAME
Personal name Schaefer, Thomas F.
700 1# - ADDED ENTRY--PERSONAL NAME
Personal name Doupnik, Timothy S.
856 41 - ELECTRONIC LOCATION AND ACCESS
Materials specified Table of contents only
Uniform Resource Identifier <a href="http://www.loc.gov/catdir/enhancements/fy0702/2003051307-t.html">http://www.loc.gov/catdir/enhancements/fy0702/2003051307-t.html</a>
906 ## - LOCAL DATA ELEMENT F, LDF (RLIN)
a 7
b cbc
c orignew
d 1
e ocip
f 20
g y-gencatlg
942 ## - ADDED ENTRY ELEMENTS (KOHA)
Source of classification or shelving scheme Library of Congress Classification
Koha item type Books
Edition 7th
Classification part 5635
Item part HOY
Call number prefix HD
Call number suffix 2004
Holdings
Withdrawn status Lost status Damaged status Not for loan Collection code Home library Current library Shelving location Date acquired Total Checkouts Full call number Barcode Date last seen Copy number Price effective from Koha item type
        Non-fiction Mashava Campus Library Mashava Campus Library General Stacks 05/11/2021   HF 5635 HOY 2004 B018191 05/11/2021 c.1 05/11/2021 Books
        Non-fiction Mashava Campus Library Mashava Campus Library General Stacks 05/11/2021   HF 5635 HOY 2004 B017477 05/11/2021 c.2 05/11/2021 Books
        Non-fiction Mashava Campus Library Mashava Campus Library General Stacks 05/11/2021   HF 5635 HOY 2004 8175 05/11/2021 c.3 05/11/2021 Books
        Non-fiction Mashava Campus Library Mashava Campus Library General Stacks 05/11/2021   HF 5635 HOY 2004 8181 05/11/2021 c.4 05/11/2021 Books
        Non-fiction Mashava Campus Library Mashava Campus Library General Stacks 05/11/2021   HD 5635 HOY 2004 8178 05/11/2021 c.5 05/11/2021 Books
        Non-fiction Mashava Campus Library Mashava Campus Library General Stacks 05/11/2021   HD 5635 HOY 2004 8177 05/11/2021 c.6 05/11/2021 Books
        Non-fiction Mashava Campus Library Mashava Campus Library General Stacks 05/11/2021   HD 5635 HOY 2004 B018192 05/11/2021 c.7 05/11/2021 Books